000 00683nam a22001937a 4500
010 _aENG-144796
020 _a9789380357782
_c300.00
035 _aEN-128328
037 _bDBAD
082 _a708.95456
_2First
100 _aBhattacharjee, Priyabrata
_981110
245 _aThe Glorious Rock-Cut Sculptures Of Unakoti :
_c Priyabrata Bhattacharjee
_bAnnexed Two Unpublsihed Reports Of 1913-1922
250 _aFirst
260 _aTripura
_bSumita Sengupta
_cJanuary,2016
270 _aNaba Chandana Praakashani, Ramnagar, Road No.2 (West),
_bP.O. ramnagar, Agartala,
_e799002
300 _a64p.
_c22cm.(HB)
700 _981099
942 _2ddc
_cEN
_h708.95456
_mBha
999 _c211214
_d211214